[Event "Your Next Move GCT 2018-Blitz"]
[Site "Leuven"]
[Date "2018.06.16"]
[Round "16"]
[White "Grischuk, Alexander"]
[Black "Anand, Viswanathan"]
[Result "1-0"]
[WhiteElo "2831"]
[BlackElo "2817"]
[Annotator "TA"]
[PlyCount "87"]
[EventDate "2018.06.16"]
[EventType "tourn"]
[EventCountry "BEL"]
[SourceTitle "playchess.com"]
[Source "ChessBase"]
[SourceQuality "1"]

{[%evp 16,87,4,6,8,17,19,0,26,25,29,25,33,5,8,0,6,0,0,0,0,0,0,0,0,0,5,5,18,5,24,6,53,53,100,0,0,0,9,8,8,0,8,8,8,8,33,28,45,32,83,53,87,117,141,53,51,46,54,71,606,552,29967,29968,29970,29971,29971,29972,29971,10291,29975,29977,29973,29974]} 1. c4 c5 2. g3 g6 3. Bg2 Bg7 4. Nc3 Nc6 5. Nf3 d6 6. O-O Bf5 7. d3 {A37: Symmetrical English vs ...g6: 4 Bg2 Bg7 5 Nf3} (7. h3 Qd7 8. Kh2 Nf6 9. d3 h6 10. e4 Be6 11. Be3 g5 12. Ng1 g4 13. h4 O-O 14. Nge2 Qd8 {0-1 (55) Caruana,F (2822)-So,W (2778) Stavanger 2018}) 7... Qd7 8. Bd2 Nf6 9. Nd5 {LiveBook: 3 Games. The position is equal.} Nxd5 10. cxd5 Nd4 11. Nxd4 $146 ({Predecessor:} 11. Ne1 Bh3 12. e3 Bxg2 13. Nxg2 Nb5 14. Qb3 b6 {1-0 (55) Zichichi,A (2340)-Malakhov,V (2535) Italy 1996}) 11... Bxd4 (11... cxd4 {seems wilder.} 12. Qb3 O-O 13. a4 h5 14. Rfc1 Rfc8) 12. Bc3 Bxc3 13. bxc3 O-O 14. h4 b5 15. Qd2 a5 16. a3 Bh3 17. Rfb1 {next Bxh3 is good for White.} Rab8 18. Rb2 Bxg2 19. Kxg2 Rb7 20. e4 Rfb8 21. h5 Qd8 22. hxg6 hxg6 23. d4 b4 {Black wants to play ...bxc3.} 24. axb4 axb4 25. c4 (25. Rh1 $16 {Qh6 would kill now.} Qf8 26. dxc5 dxc5 27. cxb4) 25... cxd4 $11 26. Qxd4 (26. Rab1 {with more complications.} Qc8 27. Qxd4 e5 28. dxe6 Qxe6 29. Rb3) 26... Qf8 27. Rb3 Qg7 28. Qxg7+ Kxg7 {[%mdl 4096] Endgame KRR-KRR} 29. Ra4 Rb6 30. Kf3 Kf6 31. Ke3 R6b7 32. f4 g5 (32... e5 $14) 33. Kd4 gxf4 34. gxf4 Rb6 35. c5 (35. Ra7 $16) 35... dxc5+ $14 36. Kxc5 {[%cal Ra4b4]} e5 37. f5 {[%cal Bf4f5,Bf5f6][%mdl 32]} Ke7 $2 {[%mdl 8192]} (37... Rb5+ $16 38. Kc4 R5b7) 38. Ra7+ $18 Ke8 39. Rh3 {[%cal Rh3h8]} Kf8 {[#]} 40. f6 $1 {[%cal Rh3h8][%mdl 512]} Kg8 (40... Rxf6 41. Rh8+) 41. d6 Rb5+ 42. Kc4 (42. Kc6 $142 R5b6+ 43. Kc7 b3 44. Ra1 R8b7+ 45. Kc8 Rb8+ 46. Kd7 R8b7+ 47. Ke8 Rb8+ 48. Ke7 R8b7+ 49. d7 Re6+ 50. Kd8 Rxf6 51. Rg1+ Rg6 52. Kc8 Rxd7 53. Rxg6+ fxg6 54. Kxd7) 42... R5b7 43. Rxb7 Rxb7 44. Rd3 {Precision: White = 54%, Black = 46%.} 1-0

[Event "Your Next Move GCT 2018-Blitz"]
[Site "Leuven"]
[Date "2018.06.16"]
[Round "16"]
[White "Caruana, Fabiano"]
[Black "So, Wesley"]
[Result "0-1"]
[WhiteElo "2818"]
[BlackElo "2856"]
[Annotator "TA"]
[PlyCount "142"]
[EventDate "2018.06.16"]
[EventType "tourn"]
[EventCountry "BEL"]
[SourceTitle "playchess.com"]
[Source "ChessBase"]
[SourceQuality "1"]

{[%evp 13,142,-26,-24,-33,-34,-39,-45,-69,-69,-118,-98,-112,-114,-105,-105,-147,-127,-128,-55,-70,-83,-120,-68,-84,-77,-100,-96,-156,-124,-121,-113,-122,-128,-131,-108,-121,-99,-219,0,-67,-63,-61,-55,-155,-155,-362,-34,-34,-34,-34,-34,-34,-34,-34,-34,-34,-34,-34,-34,-34,-34,-34,-34,-34,-34,-34,-33,-33,-33,-34,-33,-33,-33,-33,-33,-33,-33,-34,-34,-34,-34,-34,-34,-34,-34,-34,-34,-34,-33,-34,0,-34,-34,-34,-34,-34,-34,-34,0,-34,-34,-34,-34,-34,-25,-34,-34,-34,-33,-33,-28,-115,-115,-115,-109,-108,0,0,0,-109,0,0,0,0,0,-103,0,0,0,-29991,-29992]} 1. g3 c5 2. Bg2 g6 3. e4 Bg7 4. Ne2 Nc6 5. c3 e5 6. O-O Nge7 7. d3 {B20: Sizilianisch} (7. Na3 O-O 8. Nc2 d5 9. exd5 Nxd5 10. d4 exd4 11. cxd4 cxd4 12. Nexd4 Re8 13. Nb5 a6 14. Nbd4 Nxd4 15. Nxd4 {0-1 (56) Demchenko,A (2514)-Kokarev,D (2612) Voronezh 2010}) 7... d5 {LiveBook: 6 Partien} 8. a4 O-O 9. Na3 {Schwarz steht etwas besser.} Be6 10. Qc2 Qd7 11. Rd1 $146 ({Vorgänger:} 11. exd5 Bxd5 12. f3 Na5 13. c4 Be6 14. Be3 b6 {1-0 (41) Villeneuve,A (2240)-Grimberg,G (2275) Paris 1987}) 11... Bh3 12. Be3 Bxg2 13. Kxg2 b6 14. d4 cxd4 15. cxd4 dxe4 (15... f5 $17 {Und weiter mit ...f4! wäre nett.} 16. exd5 Qxd5+ 17. Kg1 Nxd4 18. Bxd4 exd4) 16. dxe5 $1 $15 Qf5 17. Nc4 Rad8 (17... Qf3+ $17 18. Kg1 Nf5) 18. Nd4 Nxd4 19. Bxd4 Nc6 20. Be3 (20. Bc3 $142) 20... Nxe5 ({Finger weg von} 20... Bxe5 21. Nd2 $17) 21. Nxe5 Bxe5 22. a5 bxa5 23. Re1 Rb8 {...Tfc8 ist eine echte Drohung.} 24. Rxa5 Rxb2 25. Qc4 (25. Qc1 $17 {war angesagt.}) 25... h5 $2 ({Bloß nicht} 25... Rc8 26. Qd5 $17) (25... Qf3+ $1 $19 26. Kh3 Bg7) 26. Kg1 (26. Bf4 $1 $11 Qg4 27. Rxe4 Bxf4 28. Rxf4) 26... Rc8 27. Qd5 Re8 28. Qc6 {[#]} (28. Ra4 $15) 28... Reb8 $1 $17 29. Bf4 $2 (29. Qc4 $17) 29... e3 $2 (29... Rb1 $19 30. Rxe5 Rxe1+ 31. Kg2 Qc8 32. Qxc8+ Rxc8) 30. Bxe3 $15 {[#]} h4 $1 {[%mdl 512] Droht ...Tb1 und aus.} 31. Bf4 (31. gxh4 Bxh2+) 31... Rb1 32. Raxe5 Qxe5 33. Bxe5 {Weiss droht Txb1 und Matt.} Rxe1+ 34. Kg2 Rxe5 {[%mdl 4096] Endspiel KD-KTT} 35. Qc7 Reb5 (35... Rbe8 {is more complex.} 36. Qxa7 Rh5 37. Qa2 Rd8 38. Qe2 Rd4) 36. Qxa7 hxg3 37. hxg3 Rb2 38. Kh3 Rd8 39. Qe7 Rc8 40. f4 Rb5 41. Kg4 Rh5 42. Qd7 Rb8 43. Qc7 Re8 44. Qd7 Ra8 45. Qc6 Ra3 {[%csl Gg6,Gh5][%cal Rf7f5]} 46. Qe8+ Kg7 {[%csl Gg6,Gh5][%cal Rf7f5]} 47. Qe7 Rd3 48. Qb7 Rhd5 49. Qe7 Rc3 50. Kh4 Rh5+ 51. Kg4 Rd5 52. Kh4 Rc1 (52... Rc4 {keeps more tension.} 53. Kg4 Rc8 54. Qb4 Rc2 55. Qe7 Rh2) 53. Kg4 Rg1 54. Qa7 Rgd1 55. Qb7 R1d3 56. Qb2+ Kh7 57. Qb7 Rd7 58. Qb2 Re3 {Und ...Tdd3 würde nun gewinnen.} 59. Qf6 Re6 60. Qc3 Rd5 61. Qc7 Kg7 {Droht stark ...Td3.} 62. Kh4 (62. Qc3+ $11 {hält das Gleichgewicht.} Kh7 63. Qc7) 62... Re3 $17 {Weiss muss nun ...Tdd3 beachten.} 63. Qb7 Rdd3 64. Qb2+ Kg8 65. Qb8+ Kg7 66. Qb2+ Kg8 67. Qb8+ Kh7 68. Qb7 Kg7 69. Qb2+ {[#]} f6 (69... Rc3 $1 $17 70. f5 Rxg3 71. fxg6 Rgd3) 70. Qb7+ $11 Kh6 71. Qb6 $2 {[%mdl 8192]} (71. Qf7 $11 g5+ 72. Kg4 Rxg3+ 73. Kf5 gxf4 74. Qf8+ Kh7 75. Qf7+ Rg7 76. Qh5+ Kg8 77. Qe8+ Kh7 78. Qh5+ Kg8 79. Qe8+ Kh7 80. Qh5+) 71... Rxg3 {Precision: Weiß = 55%, Schwarz = 61%.} 0-1

[Event "Your Next Move GCT 2018-Blitz"]
[Site "Leuven"]
[Date "2018.06.16"]
[Round "16"]
[White "Giri, Anish"]
[Black "Aronian, Levon"]
[Result "0-1"]
[WhiteElo "2799"]
[BlackElo "2809"]
[Annotator "TA"]
[PlyCount "58"]
[EventDate "2018.06.16"]
[EventType "tourn"]
[EventCountry "BEL"]
[SourceTitle "playchess.com"]
[Source "ChessBase"]
[SourceQuality "1"]

{[%evp 24,58,14,0,4,0,28,-162,-131,-179,-185,-170,-183,-412,-431,-431,-416,-431,-412,-400,-360,-376,-356,-766,-766,-749,-564,-535,-528,-890,-890,-924,-935,-918,-897,-843,-823]} 1. e4 e5 2. Nf3 Nc6 3. Bb5 a6 4. Ba4 Nf6 5. O-O Be7 6. Re1 b5 7. Bb3 O-O 8. a4 b4 9. d4 d6 10. dxe5 Nxe5 11. Nxe5 {C88: Closed Ruy Lopez: Anti-Marshall Systems} dxe5 12. Qe2 a5 13. Bg5 {[#] LiveBook: 3 Games. The position is equal.} Ba6 $146 ({Predecessor:} 13... Bc5 14. Nd2 h6 15. Bh4 Qe7 16. h3 Rd8 17. Nf3 Bb7 18. Bxf6 Qxf6 {1-0 (52) Navara,D (2726)-Grandelius,N (2653) Germany 2017}) 14. Qf3 h6 {[%cal Bh7h6,Bh6g5][%mdl 32]} 15. Rd1 $2 (15. Be3 $11 {and White stays safe.}) 15... hxg5 $19 16. Rxd8 Raxd8 17. h3 {[#]} Bc5 $1 18. Bd5 $2 (18. c3) 18... Nxd5 19. exd5 {[#]} e4 $1 {[%mdl 512]} 20. Qd1 (20. Qxe4 Rfe8) 20... e3 21. fxe3 Rfe8 22. Kh1 Rxe3 {Threatens to win with ...g4!} 23. Nd2 $2 (23. c4 Bxc4 24. Qc1 Rxd5 25. Nd2) 23... Rxd5 {Black is clearly winning.} 24. Qc1 Rf5 25. Nb3 Bb6 26. Qd2 Bb7 {[%cal Re3h3]} 27. Kh2 Rd5 28. Qc1 Re2 {Hoping for ...Rc5.} 29. Qf1 Rde5 {Precision: White = 22%, Black = 87%.} 0-1

[Event "Your Next Move GCT 2018-Blitz"]
[Site "Leuven"]
[Date "2018.06.16"]
[Round "17"]
[White "So, Wesley"]
[Black "Mamedyarov, Shakhriyar"]
[Result "0-1"]
[WhiteElo "2856"]
[BlackElo "2757"]
[Annotator "TA"]
[PlyCount "116"]
[EventDate "2018.06.16"]
[EventType "tourn"]
[EventCountry "BEL"]
[SourceTitle "playchess.com"]
[Source "ChessBase"]
[SourceQuality "1"]

{[%evp 12,116,54,62,64,59,56,61,59,52,97,20,22,35,33,30,13,33,34,33,31,6,18,16,15,0,15,0,29,18,18,19,63,16,12,17,21,21,23,21,51,60,62,72,186,56,58,38,30,28,36,33,33,33,37,36,26,30,32,0,0,0,0,0,0,-17,-18,-18,-18,-18,-8,-18,-18,-18,-18,-59,-10,-175,-145,-860,-160,-71,-85,-962,-961,-868,-750,-747,-584,-905,-782,-728,-508,-548,0,-12831,-12831,-12837,-12833,-12843,-12843,-12844,-12844,-12845,-12845,-12845,-12846]} 1. d4 d6 2. Nf3 g6 3. c4 Bg7 4. Nc3 Bg4 5. e3 Nc6 6. Be2 Nf6 7. h3 {LiveBook: 17 Games} Bf5 {A41: 1 d4 d6: Tartakower System and Modern Defence} (7... Bd7 8. b3 O-O 9. Bb2 e5 10. dxe5 dxe5 11. O-O e4 12. Nd2 Re8 13. a3 h5 14. Qc2 Bf5 15. Rfd1 Qe7 16. Nd5 Nxd5 17. cxd5 Bxb2 18. Qxb2 Ne5 19. Nc4 Rad8 20. Qxe5 {½-½ (20) Li,C (2724)-Matlakov,M (2704) Qinhuangdao 2018}) 8. d5 Nb8 9. Nd4 Bd7 {White is slightly better.} 10. O-O c5 $146 ({Predecessor:} 10... O-O 11. e4 e5 12. Nb3 Qe7 13. Be3 b6 14. Nd2 a5 15. Qc2 {½-½ (41) Stohl,I (2555)-Gazik,I (2455) Stary Smokovec 1991}) 11. dxc6 (11. Nf3 $16) 11... Nxc6 $11 12. b3 O-O 13. Bb2 Rc8 14. Qd2 Qa5 15. Rfd1 Rfd8 16. Bf3 Qg5 17. Kf1 Qh4 18. Kg1 Qg5 19. Kf1 h5 20. Nd5 Nxd5 21. Bxd5 e6 {Threatens to win with ...Bxd4.} 22. Bf3 a6 23. Ne2 Bxb2 24. Qxb2 Be8 25. Ng3 Qe7 26. Ne4 f5 27. Nf6+ Kf7 {[#]} (27... Kf8 $16 {was necessary.}) 28. Nxe8 (28. Nd5 $1 $18 {[%cal Rd5e7][%mdl 512]} Qf8 (28... exd5 29. Bxd5+) 29. Qf6+ Kg8 30. Qxe6+ Kh8 31. Rac1) 28... Rxe8 29. Rd2 Red8 30. Rad1 b5 31. Qa3 bxc4 32. bxc4 {[%cal Rd2d6]} ({Don't go for} 32. Rxd6 $2 Rxd6 33. Qxd6 Qxd6 $19) 32... Ne5 33. Be2 Rc6 34. Rd4 Qc7 {[%cal Re5c4]} 35. f4 (35. e4 {is interesting.} Nxc4 36. Qc1 Ne5 37. Qh6 f4 38. Rb4) 35... Nxc4 36. Bxc4 Rxc4 37. Rxd6 Rxd6 38. Qxd6 Qxd6 39. Rxd6 {[%mdl 4096] Endgame KR-KR} Ra4 40. Rd2 h4 41. Kf2 Ra3 42. Kf3 Kf6 43. Re2 g5 44. fxg5+ $2 (44. g3 $1 $11 {and White is okay.}) 44... Kxg5 $19 45. g3 $2 {[%mdl 8192]} (45. Rb2 $17) 45... e5 $2 (45... hxg3 $19 46. Kxg3 e5) 46. gxh4+ $17 Kxh4 47. Kg2 $2 {[%mdl 8192]} (47. Rb2 $17) 47... a5 $19 {[%cal Ba6a5,Ba5a4,Ba4a3,Ba3a2][%mdl 32]} 48. Rf2 Kg5 49. Re2 a4 50. Kg3 f4+ 51. Kf2 fxe3+ 52. Rxe3 Rxa2+ 53. Kf3 $2 {[%mdl 8192]} (53. Kg3 $11) 53... Kf5 {Black is clearly winning.} 54. Rc3 a3 55. h4 Ra1 56. Kg2 a2 {( -> ...Rg1+!)} 57. Ra3 e4 58. h5 Kg5 {Precision: White = 38%, Black = 69%.} 0-1

[Event "Your Next Move GCT 2018-Blitz"]
[Site "Leuven"]
[Date "2018.06.16"]
[Round "17"]
[White "Grischuk, Alexander"]
[Black "Nakamura, Hikaru"]
[Result "1/2-1/2"]
[WhiteElo "2831"]
[BlackElo "2878"]
[Annotator "TA"]
[PlyCount "92"]
[EventDate "2018.06.16"]
[EventType "tourn"]
[EventCountry "BEL"]
[SourceTitle "playchess.com"]
[Source "ChessBase"]
[SourceQuality "1"]

{[%evp 9,92,39,37,15,20,19,16,20,22,16,31,13,31,-30,-12,-18,-16,-37,-39,-40,-48,-43,-46,-62,-53,-69,-47,-53,-8,-12,0,-7,-14,-23,0,0,20,-15,0,-3,47,21,32,0,50,37,68,62,79,36,108,104,218,142,222,152,258,176,286,252,282,279,426,249,239,96,90,89,88,87,75,0,0,0,0,0,0,0,0,0,0,0,0,0,0]} 1. e4 d6 2. d4 g6 3. Nf3 Bg7 4. Bd3 Nc6 5. c3 e5 6. d5 {B06: Modern Defence} (6. dxe5 dxe5 7. O-O Nf6 8. Qc2 O-O 9. Re1 Qe7 10. Nbd2 Rd8 11. Bf1 Nh5 12. g3 Bg4 13. Bg2 Be6 14. b4 h6 15. a4 Qd7 {½-½ (65) Alekseev,E (2616)-Aronian,L (2805) Riadh 2017}) 6... Nce7 7. c4 f5 8. Nc3 Nf6 9. h3 h6 $146 ({Predecessor:} 9... O-O 10. Bd2 a6 11. Qe2 Bd7 12. Bc2 fxe4 13. Nxe4 Nxe4 14. Bxe4 {½-½ (22) Reuter,R (1866)-Zeltner,O (1968) Germany 2005}) 10. Be3 O-O 11. Qe2 (11. O-O $14) 11... c6 12. dxc6 bxc6 13. Rd1 f4 14. Bc1 c5 $1 15. Bc2 Nc6 16. Nd5 g5 17. b3 Ne8 18. b4 cxb4 19. Ba4 Bb7 {[%cal Bc8b7,Bb7c6,Bc6a4][%mdl 32]} 20. Bxc6 Bxc6 21. Nxb4 Ba4 {[#] White must now prevent ...Qa5.} 22. Rd2 Rc8 23. O-O Bd7 24. Bb2 g4 25. hxg4 Bxg4 26. Qd3 Bxf3 27. Qxf3 Kh7 28. Rc1 $36 {[%mdl 2048] White fights for an advantage.} Qg5 29. Nd5 Nf6 ({Better is} 29... Rc6 $14) 30. Ba3 $16 Rcd8 (30... Ne8 $16) 31. Rcd1 Ng4 (31... Ne8 $16 32. Rd3 Rf7) 32. Nc7 {[#] aiming for Ne6.} ({Don't do} 32. Qh3 $6 Rf7 $16) 32... Qh5 (32... Rf6 $16 {might work better.} 33. c5 (33. Bxd6 Qh5 $16) 33... Rg6) 33. Qh3 ({Not} 33. Bxd6 Qh2+ 34. Kf1 Qh4 $16) 33... Qg6 (33... Qxh3 $142 34. gxh3 Nf6) 34. Rxd6 $18 Rxd6 35. Rxd6 Rf6 (35... Rb8 {is a better defense.} 36. Nb5 Qg5) 36. Rxf6 (36. c5 $142) 36... Nxf6 37. f3 (37. Ne6 $18 {is more deadly.}) 37... Nxe4 $16 38. fxe4 Qb6+ 39. c5 Qxc7 40. Qf5+ (40. Kh1 $16) 40... Kh8 $11 {The position is equal.} 41. Kh2 Qc6 $1 42. Bb4 a5 43. Ba3 Kg8 44. Kh1 Kh8 45. Kh2 Kg8 46. Kh1 Kh8 {Precision: White = 39%, Black = 29%.} 1/2-1/2

[Event "Your Next Move GCT 2018-Blitz"]
[Site "Leuven"]
[Date "2018.06.16"]
[Round "17"]
[White "Anand, Viswanathan"]
[Black "Giri, Anish"]
[Result "1-0"]
[WhiteElo "2817"]
[BlackElo "2799"]
[Annotator "TA"]
[PlyCount "71"]
[EventDate "2018.06.16"]
[EventType "tourn"]
[EventCountry "BEL"]
[SourceTitle "playchess.com"]
[Source "ChessBase"]
[SourceQuality "1"]

{[%evp 21,71,0,0,-1,44,29,31,29,35,27,20,31,22,17,7,0,0,9,29,0,54,33,12,12,27,0,54,63,171,122,141,139,134,0,300,52,213,-55,0,0,0,0,-8,0,0,0,0,0,67,71,29995,346]} 1. e4 e5 2. Nf3 Nc6 3. Bb5 {[%cal Bf1b5,Bb5a4,Ba4b3][%mdl 32]} a6 4. Ba4 Nge7 5. O-O g6 6. c3 Bg7 7. d4 exd4 8. cxd4 b5 {C60: Ruy Lopez: Unusual Black 3rd moves and 3...g6} 9. Bb3 (9. Bc2 d5 10. exd5 Nxd5 11. Re1+ Be6 12. Bg5 Qd7 13. Nc3 O-O 14. Be4 Rae8 15. Bxd5 Bxd5 16. Ne5 Nxe5 17. dxe5 {½-½ (32) Anand,V (2760)-Mamedyarov,S (2808) Stavanger 2018}) 9... O-O 10. Nc3 d6 11. h3 Na5 {LiveBook: 148 Games} 12. Re1 c5 13. Bd5 $146 ({Predecessor:} 13. dxc5 dxc5 14. Bg5 Qc7 15. Bd5 Bb7 16. Qc2 {1-0 (30) Denisov,V (2082)-Bit Narva,D (2036) Uppsala 2015}) 13... Nxd5 14. Nxd5 Bb7 15. dxc5 dxc5 16. Bg5 f6 17. Bf4 {Threatens to win with Bc7.} Rc8 18. Qc2 Rf7 $1 19. Rad1 $36 {[%mdl 2048] White is pushing.} Rd7 {[%cal Rb7d5]} 20. Ne3 Kh8 (20... Qe8 $11) 21. Rxd7 (21. Qc3 $5 {[%cal Rd1d7]} Nc6 22. Rxd7 (22. Qxc5 Nd4 $11) 22... Qxd7 23. Nd5 $11 (23. Qxc5 Ne5 $11)) 21... Qxd7 22. Ng4 h5 23. Ngh2 c4 (23... Nc4 $11) 24. e5 $1 $14 {[%cal Re5f6]} Qd3 ({Black should try} 24... Qf5 $1 $14 25. Qxf5 gxf5) 25. Qc1 $18 Nc6 {[#]} 26. exf6 $1 Bxf6 27. Re6 (27. Be5 $1 $16 Nxe5 28. Nxe5 Bxe5 29. Rxe5) 27... Qf5 $2 {[%mdl 8192] [#]} (27... Nd4 $1 $11 28. Nxd4 Qxd4) 28. Rd6 $2 (28. Qe3 $1 $18) 28... Be7 $2 (28... Rf8 $1 $14) 29. Rd1 $2 ({White has to play} 29. g4 $18 hxg4 30. hxg4) 29... Rd8 (29... Kg8 $15) 30. Rxd8+ $11 Bxd8 31. Bd2 Kg8 32. Qe1 Be7 33. Nf1 Qd7 34. Qe4 Kh7 (34... Qf5 $11 35. Qe3 Qf7) 35. Qf4 $14 {Qf7+ would kill now.} Nd8 $2 {[%mdl 8192]} (35... Kg8 $16) 36. Qh6+ {Precision: White = 50%, Black = 31%.} 1-0

[Event "Your Next Move GCT 2018-Blitz"]
[Site "Leuven"]
[Date "2018.06.16"]
[Round "17"]
[White "Karjakin, Sergey"]
[Black "Caruana, Fabiano"]
[Result "1-0"]
[WhiteElo "2816"]
[BlackElo "2818"]
[Annotator "TA"]
[PlyCount "107"]
[EventDate "2018.06.16"]
[EventType "tourn"]
[EventCountry "BEL"]
[SourceTitle "playchess.com"]
[Source "ChessBase"]
[SourceQuality "1"]

{[%evp 9,107,0,0,-19,6,-22,10,3,16,0,4,4,7,22,22,0,0,0,0,0,12,0,15,14,41,36,49,42,106,43,39,7,71,50,31,0,0,0,0,0,0,-18,25,18,35,0,0,0,17,0,0,0,73,23,18,0,0,0,203,0,0,0,0,0,23,10,229,218,201,182,303,303,307,304,398,397,406,412,626,598,697,570,700,687,685,635,1085,1030,1052,1052,1016,829,1781,1798,2377,2172,29979,29980,29980,1042]} 1. c4 e5 2. d3 Nf6 3. Nf3 Nc6 4. g3 (4. a3 a5 5. e3 d5 6. cxd5 Nxd5 7. Be2 Be7 8. O-O O-O 9. Qc2 Be6 10. b3 f5 11. Bb2 Bf6 {0-1 (45) Grischuk,A (2782)-Caruana,F (2799) Saint Louis 2017}) 4... Bb4+ 5. Nbd2 a5 6. Bg2 {A20: Englische Eröffnung} O-O 7. O-O Re8 8. a3 {Die Stellung ist ausgeglichen.} Bc5 $146 ({Vorgänger:} 8... Bxd2 9. Nxd2 a4 10. Nb1 d5 11. cxd5 Nxd5 12. Nc3 Nb6 {½-½ (63) Braga,F (2443)-Camarena Gimenez,R (2348) San Sebastian 2004}) 9. b3 d5 10. cxd5 $1 Nxd5 11. Bb2 Bg4 12. Qc2 Ba7 13. e3 Qd7 14. Ne4 Rad8 15. Nc5 $36 {[%mdl 2048] Weiss drückt.} Qc8 16. Rac1 Rd6 17. Ng5 {Und Dc4 würde nun gewinnen.} h6 18. Nge4 Rg6 {[#]} (18... Rdd8 $14) 19. Qc4 ({Günstiger ist} 19. Nxb7 $1 $16 Qxb7 20. Nc5 Bxc5 21. Bxd5) 19... Rd8 20. Rfe1 Kh7 (20... b6 $11 {bleibt in der Remisbreite.}) 21. Nc3 Nde7 22. N3a4 b6 23. Ne4 Be6 24. Qc2 Bh3 25. Bh1 b5 26. Nac3 $1 b4 27. Nb5 Bb6 28. a4 Qg4 29. Nd2 Qh5 30. Nc4 Nd5 (30... Nf5 $11) 31. Nxb6 cxb6 32. d4 exd4 $1 33. Nxd4 Ne5 $2 (33... Nxd4 $11 34. Bxd4 Kg8) 34. Rcd1 $2 ({Weiss kommt nicht vorbei an} 34. f4 $18 Ng4 35. Bf3) 34... Bg4 $1 $11 35. Rd2 Rc8 36. Qe4 Nf6 37. Qb7 {zielt auf f4 ab.} Bd7 $2 (37... Rd8 $11) 38. f4 $18 Neg4 39. Qf3 Qh3 (39... Re8 $142) 40. Qg2 Qh5 41. e4 {[%cal Be3e4,Be4e5][%mdl 32]} ({Bloß nicht} 41. h3 $6 Re8 $18) 41... Ne8 42. e5 Nc7 43. h3 Nf6 (43... Na6 $142 44. hxg4 Qxg4) 44. exf6 Bxh3 45. Qf3 Bg4 46. Qf2 gxf6 47. Re7 Rg7 48. Be4+ f5 49. Bg2 Qg6 50. Nf3 Ne6 51. Nh4 Qh5 52. Bxg7 Kxg7 {[#]} 53. Rxe6 $1 fxe6 54. Qxb6 {Precision: Weiß = 57%, Schwarz = 35%.} (54. Rd7+ $142 Kg8 55. Qd4 Qf7 56. Rxf7 Rc1+ 57. Bf1 Kxf7 58. Qd7+ Kg8 59. Qxe6+ Kf8 60. Ng6+ Kg7 61. Ne5) 1-0

[Event "Your Next Move GCT 2018-Blitz"]
[Site "Leuven"]
[Date "2018.06.16"]
[Round "17"]
[White "Aronian, Levon"]
[Black "Vachier-Lagrave, Maxime"]
[Result "0-1"]
[WhiteElo "2809"]
[BlackElo "2837"]
[Annotator "TA"]
[PlyCount "82"]
[EventDate "2018.06.16"]
[EventType "tourn"]
[EventCountry "BEL"]
[SourceTitle "playchess.com"]
[Source "ChessBase"]
[SourceQuality "1"]

{[%evp 14,82,20,10,14,5,29,-9,31,20,28,23,28,0,7,-11,-6,-9,-7,-34,-20,-34,-16,-45,-38,-45,-38,-59,-58,-79,-77,-98,-58,-44,-27,-54,-57,-239,-227,-293,-246,-272,-190,-198,-223,-189,-13,-20,-33,-48,-43,-35,-25,-31,-27,-433,-419,-427,-427,-447,-441,-494,-472,-626,-510,-643,-627,-621,-622,-586,-570]} 1. e4 c5 2. Nc3 d6 3. Nge2 Nf6 4. g3 g6 5. Bg2 Bg7 6. O-O O-O 7. d3 Nc6 8. Bg5 Rb8 {B25: Closed Sicilian: 3 g3, lines without early Be3} 9. Nd5 Re8 $146 ({Predecessor:} 9... Nxd5 10. exd5 Ne5 11. d4 cxd4 12. Nxd4 h6 13. Bc1 Bg4 14. f3 Bd7 15. c3 Qb6 16. Re1 {½-½ (34) Romanishin,O (2560)-Sturua,Z (2395) Soviet Union 1979}) 10. a4 e6 {The position is equal.} 11. Nxf6+ Bxf6 12. Bxf6 Qxf6 13. c3 d5 14. f4 dxe4 15. dxe4 e5 16. f5 Qg5 17. Qd3 b6 18. h4 Qe7 19. h5 Rd8 20. Qf3 Ba6 21. hxg6 hxg6 22. Rad1 Rxd1 23. Rxd1 Rd8 24. Rd5 Bc4 25. f6 $2 {[#]} (25. Rxd8+ $15 Qxd8 26. fxg6) 25... Qf8 $1 $19 26. Qe3 Bxd5 27. exd5 Na5 28. g4 Nc4 29. Qg5 {[#]} e4 $2 (29... Kh7 $1 $19 {Strongly threatening ...Qh6.} 30. b3 Nd6) 30. Ng3 $11 e3 {White must now prevent ...Re8.} 31. Nf5 {Threatens to win with Be4.} e2 32. Kf2 Re8 ({Don't go for} 32... Nxb2 $2 33. Be4 $18) 33. Ne7+ Kh7 {...Qh6 is the strong threat.} 34. Kxe2 $2 {[%mdl 8192]} (34. b3 $1 $11 Nb2 35. Qd2) 34... Qh6 $19 35. Qxh6+ Kxh6 {[%mdl 4096] Endgame KRN-KBN. Black is clearly winning.} 36. b3 Nd6 37. Kd3 Kg5 38. Nc6 a5 39. b4 cxb4 40. cxb4 axb4 41. Nxb4 Ra8 {Precision: White = 36%, Black = 57%.} 0-1